IFM Opac

A life Apart : the English working class 1890 - 1914 (Record no. 13151)

MARC details
000 -LEADER
fixed length control field 00356nam a22001217a 4500
082 ## - DEWEY DECIMAL CLASSIFICATION NUMBER
Classification number 301.44420942 MEA
100 ## - MAIN ENTRY--PERSONAL NAME
Personal name MEACHAM, Standish
245 ## - TITLE STATEMENT
Title A life Apart : the English working class 1890 - 1914
260 ## - PUBLICATION, DISTRIBUTION, ETC.
Place of publication, distribution, etc. London
Name of publisher, distributor, etc. Cox and Wyman Ltd
Date of publication, distribution, etc. 1977
300 ## - PHYSICAL DESCRIPTION
Extent 272p.
Other physical details ill,; 24cm.
500 ## - GENERAL NOTE
General note Include References, Bibliography and Index <br/><br/>
942 ## - ADDED ENTRY ELEMENTS (KOHA)
Koha item type Books
Holdings
Withdrawn status Lost status Damaged status Not for loan Home library Current library Shelving location Date acquired Total Checkouts Full call number Barcode Date last seen Price effective from Koha item type
Withdrawn       IFM Main Campus Library IFM Main Campus Library Archival Collection 10/28/2015   301.44420942 MEA 0000006944 10/28/2015 02/19/2022 Books